Loading...
| Religion | 0 | 7 | 1 | 1 | 65 | 30 | 59.00 | 3 | 7 | 30.62 | 47.73 |
| Literature - European | 0 | 5 | 0 | 0 | 50 | 56 | 93.20 | 3 | 5 | 8.77 | 34.09 |
| History - Other | 0 | 5 | 0 | 1 | 50 | 42 | 72.20 | 2 | 5 | 16.09 | 34.09 |
| Literature - British | 0 | 4 | 0 | 0 | 40 | 44 | 67.50 | 1 | 4 | 14.70 | 20.45 |
| History - European | 0 | 4 | 1 | 0 | 35 | 15 | 35.75 | 3 | 4 | 23.37 | 34.09 |
| History - World | 0 | 4 | 2 | 0 | 30 | 11 | 24.50 | 3 | 4 | 27.90 | 34.09 |
| Social Science | 0 | 3 | 0 | 0 | 30 | 52 | 70.33 | 2 | 3 | 14.06 | 34.38 |
| Literature - World | 0 | 3 | 0 | 0 | 30 | 55 | 69.33 | 3 | 3 | 10.65 | 27.27 |
| Geography | 0 | 3 | 0 | 2 | 30 | 84 | 97.00 | 2 | 3 | 6.76 | 40.00 |
| Current Events | 0 | 3 | 1 | 0 | 25 | 25 | 53.67 | 2 | 2 | 30.00 | 45.00 |
| History - American | 0 | 2 | 0 | 0 | 20 | 49 | 59.50 | 2 | 2 | 8.64 | 18.18 |
| Fine Arts - Other | 0 | 2 | 0 | 0 | 20 | 63 | 94.50 | 1 | 2 | 4.07 | 9.09 |
| Literature - American | 0 | 2 | 0 | 0 | 20 | 72 | 82.00 | 0 | 2 | 4.85 | 11.36 |
| Science - Other | 0 | 2 | 1 | 0 | 15 | 22 | 24.00 | 2 | 2 | 14.04 | 18.18 |
| Popular Culture | 0 | 1 | 0 | 1 | 10 | 110 | 110.00 | 0 | 1 | 0.00 | 4.17 |
| Fine Arts - Classical Music | 0 | 1 | 0 | 0 | 10 | 69 | 69.00 | 0 | 1 | 3.49 | 6.82 |
| Fine Arts - Painting and Sculpture | 0 | 1 | 0 | 0 | 10 | 88 | 88.00 | 0 | 1 | 2.07 | 6.82 |
| Mythology | 0 | 1 | 0 | 0 | 10 | 57 | 57.00 | 1 | 1 | 4.38 | 6.82 |
| Philosophy | 0 | 1 | 0 | 0 | 10 | 74 | 74.00 | 0 | 1 | 3.35 | 8.33 |